The planning of change : Readings in the applied behavioral sciences
Tallennettuna:
| Aineistotyyppi: | Kirja |
|---|---|
| Kieli: | Undetermined |
| Julkaistu: |
New York
Holt, Rinehart and Winston
1961
|
| Aiheet: | |
| Tagit: |
Lisää tagi
Ei tageja, Lisää ensimmäinen tagi!
|
| Thư viện lưu trữ: | Trung tâm Học liệu Trường Đại học Cần Thơ |
|---|
| LEADER | 00548nam a2200181Ia 4500 | ||
|---|---|---|---|
| 001 | CTU_95470 | ||
| 008 | 210402s9999 xx 000 0 und d | ||
| 082 | |a 301.24082 | ||
| 082 | |b P712 | ||
| 245 | 4 | |a The planning of change : | |
| 245 | 0 | |b Readings in the applied behavioral sciences | |
| 245 | 0 | |c Edited by Warren G. Bennis, Kenneth D. Benne, Robert Chin | |
| 260 | |a New York | ||
| 260 | |b Holt, Rinehart and Winston | ||
| 260 | |c 1961 | ||
| 650 | |a Social change | ||
| 904 | |i M.Loan | ||
| 980 | |a Trung tâm Học liệu Trường Đại học Cần Thơ | ||